| 000 | 00492nam a22001697a 4500 | ||
|---|---|---|---|
| 999 |
_c20844 _d20844 |
||
| 003 | BDDh-ASL | ||
| 005 | 20231015025937.0 | ||
| 008 | 210114s1975 en ||||| |||| 00| 0 eng d | ||
| 040 | _cBDDh-ASL | ||
| 082 |
_a301 _bCOM |
||
| 110 | 1 |
_92765 _aMarlborough House |
|
| 245 | 0 | 0 | _aFifth Report to Heads of Government by the Commonwealth Secretary-General / |
| 260 |
_aLondon: _bMarlborough House, _c1975. |
||
| 300 |
_a94 p.: _c21 cm. |
||
| 650 | 0 |
_92766 _aComomonwealth Report |
|
| 942 |
_2ddc _cBK |
||